[Event "SVK-chT1W 2223"]
[Site "Slovakia"]
[Date "2023.01.14"]
[Round "7.3"]
[White "Juhasz, Barbara"]
[Black "Berczes, Csaba"]
[Result "1-0"]
[WhiteElo "2238"]
[BlackElo "2285"]
[PlyCount "73"]
[EventDate "2022.10.15"]
[EventType "team-tourn"]
[EventRounds "11"]
[EventCountry "SVK"]
[SourceTitle "EXT 2024"]
[Source "ChessBase"]
[SourceDate "2023.10.10"]
[SourceVersion "1"]
[SourceVersionDate "2023.10.10"]
[SourceQuality "1"]
[WhiteTeam "Nitra NSK"]
[BlackTeam "Gabcikovo MSK"]
[WhiteTeamCountry "SVK"]
[BlackTeamCountry "SVK"]

1. e4 d6 2. d4 Nf6 3. Nc3 e5 4. Nge2 Be7 5. h3 c6 6. g4 Nfd7 7. Be3 Nb6 8. Ng3 Bg5 9. Qd2 Bxe3 10. Qxe3 h6 11. f4 Qf6 12. dxe5 dxe5 13. f5 Qh4 14. Be2 N8d7 15. a4 a5 16. Kf2 Qg5 17. h4 Qxe3+ 18. Kxe3 f6 19. g5 hxg5 20. hxg5 Rg8 21. g6 Nc5 22. Rh7 Bd7 23. b3 Rd8 24. Rd1 Ra8 25. Nh5 Kf8 26. Nb1 Be8 27. Na3 Ncd7 28. Nc4 Nc8 29. Nd6 Nxd6 30. Rxd6 Ke7 31. Re6+ Kd8 32. Nxg7 Kc7 33. Re7 Rxg7 34. Rexg7 Kd6 35. Rh8 Rd8 36. Rgg8 Ke7 37. g7 1-0

[Event "SVK-chT1W 2223"]
[Site "Slovakia"]
[Date "2022.12.04"]
[Round "6.4"]
[White "Lecky, Juraj"]
[Black "Berczes, Csaba"]
[Result "0-1"]
[WhiteElo "2081"]
[BlackElo "2312"]
[PlyCount "92"]
[EventDate "2022.10.15"]
[EventType "team-tourn"]
[EventRounds "11"]
[EventCountry "SVK"]
[SourceTitle "EXT 2024"]
[Source "ChessBase"]
[SourceDate "2023.10.10"]
[SourceVersion "1"]
[SourceVersionDate "2023.10.10"]
[SourceQuality "1"]
[WhiteTeam "Levice"]
[BlackTeam "Gabcikovo MSK"]
[WhiteTeamCountry "SVK"]
[BlackTeamCountry "SVK"]

1. d4 Nf6 2. c4 e6 3. Nf3 Bb4+ 4. Bd2 Qe7 5. e3 b6 6. Bd3 Bb7 7. Qc2 Bxd2+ 8. Nbxd2 c5 9. dxc5 bxc5 10. 0-0 Nc6 11. a3 0-0 12. Rfd1 Rab8 13. Qc3 Ba8 14. Rab1 Rb6 15. Bc2 Ne8 16. Nf1 f5 17. Ng3 Nf6 18. Rd2 Rfb8 19. b3 Nd8 20. Rbd1 Ra6 21. Qe5 Nc6 22. Qc7 Qd8 23. Qd6 Nb4 24. Qxc5 Nxc2 25. Rxc2 Bxf3 26. gxf3 Rxb3 27. Rd6 Qf8 28. Rcd2 Ne8 29. Nxf5 Nxd6 30. Nxd6 Rbb6 31. Ne4 Qxc5 32. Nxc5 Rd6 33. Rb2 Rab6 34. Rc2 Kf8 35. f4 Ke7 36. Kg2 Rdc6 37. Nd3 Rb3 38. Ne5 Rc5 39. Nf3 Rxa3 40. Ng5 d5 41. Rb2 Rc7 42. cxd5 exd5 43. Nf3 a5 44. Nd4 Ra4 45. Rb6 Rxd4 46. exd4 Ra7 0-1

[Event "SVK-chT1W 2122"]
[Site "Slovakia"]
[Date "2022.05.15"]
[Round "11.4"]
[White "Berczes, Csaba"]
[Black "Ac, Michal"]
[Result "1/2-1/2"]
[WhiteElo "2322"]
[BlackElo "2129"]
[PlyCount "71"]
[EventDate "2021.11.06"]
[EventType "team-tourn"]
[EventRounds "11"]
[EventCountry "SVK"]
[SourceTitle "EXT 2024"]
[Source "ChessBase"]
[SourceDate "2023.10.10"]
[SourceVersion "1"]
[SourceVersionDate "2023.10.10"]
[SourceQuality "1"]
[WhiteTeam "Gabcikovo MSK"]
[BlackTeam "Bratislava Slovan III"]
[WhiteTeamCountry "SVK"]
[BlackTeamCountry "SVK"]

1. Nf3 Nf6 2. g3 d5 3. Bg2 Bf5 4. c4 e6 5. Qb3 Nc6 6. d3 Bb4+ 7. Bd2 a5 8. h3 a4 9. Qc2 h6 10. 0-0 0-0 11. a3 Bxd2 12. Nbxd2 Bh7 13. b4 axb3 14. Nxb3 dxc4 15. Qxc4 Qd6 16. a4 Na5 17. Nxa5 Rxa5 18. Rab1 Rc5 19. Qb3 Nd5 20. Rfc1 b6 21. Nd2 Rxc1+ 22. Rxc1 Re8 23. Nc4 Qc5 24. Qb5 Qe7 25. Ne5 Rf8 26. Bxd5 exd5 27. Qxd5 Bf5 28. Nc6 Qa3 29. Re1 Bxh3 30. Qe5 Qxa4 31. Ne7+ Kh8 32. Ra1 Qc2 33. Kh2 Bg4 34. Qf4 Qc5 35. Qxg4 Qxe7 36. Ra7 1/2-1/2

[Event "SVK-chT1W 2122"]
[Site "Slovakia"]
[Date "2022.02.13"]
[Round "7.3"]
[White "Berczes, Csaba"]
[Black "Sarok, Peter"]
[Result "1/2-1/2"]
[WhiteElo "2322"]
[BlackElo "2120"]
[PlyCount "102"]
[EventDate "2021.11.06"]
[EventType "team-tourn"]
[EventRounds "11"]
[EventCountry "SVK"]
[SourceTitle "EXT 2023"]
[Source "ChessBase"]
[SourceDate "2022.10.05"]
[SourceVersion "1"]
[SourceVersionDate "2022.10.05"]
[SourceQuality "1"]
[WhiteTeam "Gabcikovo MSK"]
[BlackTeam "Batorove Kosihy"]
[WhiteTeamCountry "SVK"]
[BlackTeamCountry "SVK"]

1. Nf3 d5 2. g3 Nf6 3. Bg2 g6 4. c4 d4 5. e3 dxe3 6. fxe3 c5 7. Nc3 Bg7 8. d4 cxd4 9. exd4 0-0 10. 0-0 Nc6 11. Kh1 Bg4 12. Be3 Qd7 13. d5 Na5 14. Qd3 Bf5 15. Qe2 Ne4 16. Nxe4 Bxe4 17. Bg1 Qf5 18. Nd4 Bxg2+ 19. Kxg2 Qe5 20. Qxe5 Bxe5 21. b3 b5 22. Rae1 Bxd4 23. Bxd4 bxc4 24. b4 Nb7 25. Rxe7 Nd6 26. Rxa7 Rxa7 27. Bxa7 Ra8 28. Bc5 Ne4 29. d6 Rxa2+ 30. Kh3 Rd2 31. Rf4 f5 32. g4 c3 33. gxf5 c2 34. Rf1 Nxd6 35. Rc1 Nb5 36. fxg6 hxg6 37. Kg4 Nc3 38. Be3 Rxh2 39. Kg3 Re2 40. Kf3 Rh2 41. Kg3 Re2 42. Kf3 Kf7 43. b5 Ke6 44. b6 Kd7 45. Bh6 Kc8 46. Bg7 Rh2 47. Bxc3 Rh3+ 48. Ke2 Rxc3 49. Kd2 Rc6 50. Rxc2 Rxc2+ 51. Kxc2 Kb7 1/2-1/2

[Event "HUN-chT 1920"]
[Site "Hungary"]
[Date "2020.08.30"]
[Round "8.10"]
[White "Pap, Peter"]
[Black "Berczes, Csaba"]
[Result "1/2-1/2"]
[WhiteElo "2115"]
[BlackElo "2342"]
[PlyCount "42"]
[EventDate "2019.11.16"]
[EventType "team-tourn"]
[EventRounds "9"]
[EventCountry "HUN"]
[SourceTitle "EXT 2021"]
[Source "ChessBase"]
[SourceDate "2020.10.23"]
[SourceVersion "1"]
[SourceVersionDate "2020.10.23"]
[SourceQuality "1"]
[WhiteTeam "Maroczy"]
[BlackTeam "Dunaharaszti"]
[WhiteTeamCountry "HUN"]
[BlackTeamCountry "HUN"]

1. e4 d6 2. d4 Nf6 3. Nc3 e5 4. dxe5 dxe5 5. Qxd8+ Kxd8 6. Bc4 Be6 7. Bxe6 fxe6 8. f3 a6 9. Be3 Bd6 10. Nb1 Nc6 11. c3 Nh5 12. g3 Nf6 13. Nd2 b5 14. Ne2 Nd7 15. Nc1 Na5 16. Ncb3 Nb7 17. Ke2 c5 18. c4 Nb6 19. Rac1 Rc8 20. Rc2 Ke7 21. Nc1 b4 1/2-1/2

[Event "HUN-chT 1920"]
[Site "Hungary"]
[Date "2019.11.16"]
[Round "1.12"]
[White "Egyed, Judit"]
[Black "Berczes, Csaba"]
[Result "1-0"]
[WhiteElo "2080"]
[BlackElo "2342"]
[PlyCount "105"]
[EventDate "2019.11.16"]
[EventType "team-tourn"]
[EventRounds "9"]
[EventCountry "HUN"]
[SourceTitle "CBM 193 Extra"]
[Source "ChessBase"]
[SourceDate "2020.01.31"]
[SourceVersion "1"]
[SourceVersionDate "2020.01.31"]
[SourceQuality "1"]
[WhiteTeam "Budapest MTK"]
[BlackTeam "Dunaharaszti"]
[WhiteTeamCountry "HUN"]
[BlackTeamCountry "HUN"]

1. e4 d6 2. d4 Nf6 3. Nc3 a6 4. f3 e6 5. Be3 d5 6. exd5 exd5 7. Qd2 Nbd7 8. Nge2 Nb6 9. Nf4 Qd6 10. 0-0-0 Bd7 11. g4 0-0-0 12. Qf2 h5 13. g5 Ng8 14. Nd3 Nc4 15. Bf4 Qc6 16. Nc5 Bf5 17. Bxc4 dxc4 18. N5e4 Bxe4 19. fxe4 Ne7 20. d5 Qb6 21. Be3 Qg6 22. Rhf1 Rd7 23. Qxf7 Qxf7 24. Rxf7 Ng6 25. Rdf1 Rxf7 26. Rxf7 Ne5 27. Rf1 Be7 28. h3 Kd7 29. Ne2 Rf8 30. Rxf8 Bxf8 31. Nf4 h4 32. Ne6 Bd6 33. Nxg7 Ng4 34. Kd2 Nxe3 35. Kxe3 Be5 36. Nf5 Bxb2 37. g6 Ke8 38. Nxh4 b5 39. Nf5 a5 40. h4 a4 41. d6 b4 42. dxc7 Kd7 43. c8Q+ Kxc8 44. Nd6+ Kd7 45. Nxc4 a3 46. e5 Ke6 47. Ke4 Bc1 48. Ne3 Bb2 49. Ng4 Ke7 50. h5 Kf8 51. h6 Bc1 52. g7+ Kf7 53. e6+ 1-0

[Event "SVK-chT1W 1920"]
[Site "Slovakia"]
[Date "2019.11.09"]
[Round "3.4"]
[White "Meszaros, Norbert"]
[Black "Berczes, Csaba"]
[Result "0-1"]
[WhiteElo "2103"]
[BlackElo "2342"]
[PlyCount "106"]
[EventDate "2019.10.12"]
[EventType "team-tourn"]
[EventRounds "11"]
[EventCountry "SVK"]
[SourceTitle "CBM 193 Extra"]
[Source "ChessBase"]
[SourceDate "2020.01.31"]
[SourceVersion "1"]
[SourceVersionDate "2020.01.31"]
[SourceQuality "1"]
[WhiteTeam "Bratislava Lokomotiva"]
[BlackTeam "Gabcikovo MSK"]
[WhiteTeamCountry "SVK"]
[BlackTeamCountry "SVK"]

1. e4 d6 2. d4 Nf6 3. Bd3 e5 4. d5 g6 5. c4 Bg7 6. Nc3 0-0 7. Nge2 Nh5 8. Be3 f5 9. f3 Nf4 10. Nxf4 exf4 11. Bf2 fxe4 12. Bxe4 Nd7 13. 0-0 a6 14. Rc1 Qg5 15. Kh1 Qh5 16. b3 g5 17. g4 Qh3 18. Ne2 Ne5 19. Ng1 Qh6 20. c5 Re8 21. Bb1 dxc5 22. Rxc5 c6 23. dxc6 Nxc6 24. Qd5+ Be6 25. Qxg5 Qxg5 26. Rxg5 Rad8 27. Be4 Nb4 28. a3 Nc6 29. Bb6 Rd2 30. b4 h6 31. Rh5 Bxg4 32. Bd5+ Be6 33. Re1 Kf7 34. Rf5+ Kg6 35. Rxe6+ Kxf5 36. Rxe8 Rxd5 37. Bc5 Rd3 38. Rg8 Be5 39. Rf8+ Ke6 40. Re8+ Kd5 41. Bf8 h5 42. Bh6 Rxa3 43. Rf8 Nd4 44. Rd8+ Kc4 45. Rc8+ Nc6 46. Rf8 Ra1 47. Kg2 Ra2+ 48. Kh1 Nxb4 49. Bxf4 Bd4 50. Nh3 a5 51. Bd6 Nd5 52. Ng5 Ra1+ 53. Kg2 Rg1+ 0-1

[Event "SVK-chT1W 1819"]
[Site "Slovakia"]
[Date "2019.02.24"]
[Round "9.2"]
[White "Skreno, Vladimir"]
[Black "Berczes, Csaba"]
[Result "1/2-1/2"]
[WhiteElo "2167"]
[BlackElo "2343"]
[PlyCount "50"]
[EventDate "2018.10.27"]
[EventType "team-tourn"]
[EventRounds "11"]
[EventCountry "SVK"]
[SourceTitle "CBM 189 Extra"]
[Source "ChessBase"]
[SourceDate "2019.06.03"]
[SourceVersion "1"]
[SourceVersionDate "2019.06.03"]
[SourceQuality "1"]
[WhiteTeam "Nitra NSK"]
[BlackTeam "Gabcikovo MSK"]
[WhiteTeamCountry "SVK"]
[BlackTeamCountry "SVK"]

1. d4 Nf6 2. Nf3 e6 3. Bg5 c5 4. c3 b6 5. e3 Be7 6. Nbd2 0-0 7. a4 cxd4 8. exd4 Bb7 9. Bd3 d6 10. 0-0 Nbd7 11. Re1 a6 12. Bh4 Nd5 13. Bg3 Re8 14. Nc4 Nf8 15. Qb3 Qc7 16. Nfd2 Red8 17. Be4 Rab8 18. f3 Ng6 19. Qc2 Nf6 20. Bd3 Nh5 21. Bf2 Nhf4 22. Bf1 Nd5 23. Bd3 Ndf4 24. Bf1 Nd5 25. Bd3 Ndf4 1/2-1/2

[Event "HUN-chT2 Maroczy 1819"]
[Site "Hungary"]
[Date "2018.12.02"]
[Round "5.2"]
[White "Berczes, Csaba"]
[Black "Kiss, Pal"]
[Result "1/2-1/2"]
[WhiteElo "2337"]
[BlackElo "2275"]
[PlyCount "22"]
[EventDate "2018.09.23"]
[EventType "team-tourn"]
[EventRounds "11"]
[EventCountry "HUN"]
[SourceTitle "EXT 2020"]
[Source "ChessBase"]
[SourceDate "2019.10.17"]
[SourceVersion "1"]
[SourceVersionDate "2019.10.17"]
[SourceQuality "1"]
[WhiteTeam "Dunaharaszti II"]
[BlackTeam "Lillafured DVTK II"]
[WhiteTeamCountry "HUN"]
[BlackTeamCountry "HUN"]

1. Nf3 d5 2. g3 Nf6 3. Bg2 c6 4. 0-0 Bg4 5. c4 e6 6. d3 Nbd7 7. cxd5 cxd5 8. Nc3 Be7 9. Bf4 0-0 10. Rc1 a6 11. h3 Bh5 1/2-1/2

[Event "SVK-chT1W 1718"]
[Site "Slovakia"]
[Date "2018.03.11"]
[Round "11.3"]
[White "Valent, Ivan"]
[Black "Berczes, Csaba"]
[Result "1/2-1/2"]
[WhiteElo "2164"]
[BlackElo "2333"]
[PlyCount "86"]
[EventDate "2017.10.21"]
[EventType "team-tourn"]
[EventRounds "11"]
[EventCountry "SVK"]
[SourceTitle "EXT 2019"]
[Source "ChessBase"]
[SourceDate "2018.10.10"]
[SourceVersion "1"]
[SourceVersionDate "2018.10.10"]
[SourceQuality "1"]
[WhiteTeam "Bratislava Slovan III"]
[BlackTeam "Gabcikovo Russel"]
[WhiteTeamCountry "SVK"]
[BlackTeamCountry "SVK"]

1. e4 d6 2. d4 Nf6 3. Nc3 Nc6 4. Nf3 a6 5. Be2 g6 6. 0-0 Bg7 7. h3 0-0 8. Be3 b5 9. a3 e6 10. Qd2 Bb7 11. Bh6 e5 12. Bxg7 Kxg7 13. d5 Ne7 14. Rad1 h6 15. Nh2 Nd7 16. f4 exf4 17. Rxf4 Ng8 18. Ng4 Qe7 19. Rdf1 Ne5 20. Nd1 Rae8 21. Qc3 Bc8 22. Nxe5 dxe5 23. Bd3 f5 24. exf5 Nf6 25. R4f2 Nxd5 26. Qc6 Qd6 27. Qxd6 cxd6 28. fxg6 Nf4 29. Ne3 Nxd3 30. Rxf8 Rxf8 31. Rxf8 Kxf8 32. cxd3 Kg7 33. Nd5 Bd7 34. Kf2 Kxg6 35. b4 Kf7 36. h4 Bc6 37. Ne3 h5 38. g4 hxg4 39. Nxg4 Kg6 40. Ne3 Bb7 41. Kg3 Bc6 42. Kf2 Ba8 43. Nf1 Kh5 1/2-1/2

[Event "SVK-chT1W 1718"]
[Site "Slovakia"]
[Date "2018.03.10"]
[Round "10.3"]
[White "Berczes, Csaba"]
[Black "Janos, Martin"]
[Result "1/2-1/2"]
[WhiteElo "2333"]
[BlackElo "2198"]
[PlyCount "71"]
[EventDate "2017.10.21"]
[EventType "team-tourn"]
[EventRounds "11"]
[EventCountry "SVK"]
[SourceTitle "EXT 2019"]
[Source "ChessBase"]
[SourceDate "2018.10.10"]
[SourceVersion "1"]
[SourceVersionDate "2018.10.10"]
[SourceQuality "1"]
[WhiteTeam "Gabcikovo Russel"]
[BlackTeam "Bratislava Slovan II"]
[WhiteTeamCountry "SVK"]
[BlackTeamCountry "SVK"]

1. Nf3 Nc6 2. d4 d6 3. g3 e5 4. dxe5 Nxe5 5. Bg2 Be7 6. 0-0 Nf6 7. c4 0-0 8. Qc2 c6 9. Rd1 Qb6 10. b3 Nfg4 11. Nd4 Bf6 12. h3 Nxf2 13. Kxf2 Ng4+ 14. hxg4 Bxd4+ 15. Rxd4 Qxd4+ 16. Be3 Qxa1 17. Nc3 f5 18. g5 f4 19. gxf4 Bf5 20. Qd2 Bg6 21. Kg3 Rae8 22. Bd4 c5 23. Bf2 Bh5 24. Bxb7 Re7 25. Bg2 Rfe8 26. e4 h6 27. f5 g6 28. Kh4 Kh7 29. f6 hxg5+ 30. Kxg5 Rxe4 31. Bxe4 Rxe4 32. Nxe4 Qe5+ 33. Kh4 Qxe4+ 34. Kg3 Qf3+ 35. Kh2 Qxf6 36. Bg3 1/2-1/2

[Event "HUN-chT2 Maroczy 1718"]
[Site "Hungary"]
[Date "2018.03.04"]
[Round "7.2"]
[White "Torok, Sandor"]
[Black "Berczes, Csaba"]
[Result "1/2-1/2"]
[WhiteElo "2290"]
[BlackElo "2333"]
[PlyCount "34"]
[EventDate "2017.10.29"]
[EventType "team-tourn"]
[EventRounds "9"]
[EventCountry "HUN"]
[SourceTitle "EXT 2021"]
[Source "ChessBase"]
[SourceDate "2020.10.23"]
[SourceVersion "1"]
[SourceVersionDate "2020.10.23"]
[SourceQuality "1"]
[WhiteTeam "Budapest Vasas"]
[BlackTeam "Dunaharaszti II"]
[WhiteTeamCountry "HUN"]
[BlackTeamCountry "HUN"]

1. e4 d6 2. d4 Nf6 3. Nc3 Nc6 4. Nf3 Bg4 5. Bb5 a6 6. Bxc6+ bxc6 7. h3 Bxf3 8. Qxf3 e6 9. Bg5 d5 10. 0-0-0 Be7 11. Bxf6 Bxf6 12. Na4 0-0 13. c4 Rb8 14. a3 Qe8 15. Rhe1 dxc4 16. Qc3 c5 17. Nxc5 Qb5 1/2-1/2

[Event "HUN-chT2 Maroczy 1718"]
[Site "Hungary"]
[Date "2017.12.17"]
[Round "4.3"]
[White "Berczes, Csaba"]
[Black "Paschall, William M"]
[Result "1/2-1/2"]
[WhiteElo "2333"]
[BlackElo "2379"]
[PlyCount "25"]
[EventDate "2017.10.29"]
[EventType "team-tourn"]
[EventRounds "9"]
[EventCountry "HUN"]
[SourceTitle "EXT 2021"]
[Source "ChessBase"]
[SourceDate "2020.10.23"]
[SourceVersion "1"]
[SourceVersionDate "2020.10.23"]
[SourceQuality "1"]
[WhiteTeam "Dunaharaszti II"]
[BlackTeam "Budapest HASE"]
[WhiteTeamCountry "HUN"]
[BlackTeamCountry "HUN"]

1. Nf3 c5 2. c4 Nc6 3. d4 cxd4 4. Nxd4 Qb6 5. Nc2 e6 6. Nc3 Nf6 7. e3 a6 8. Be2 Be7 9. 0-0 Qc7 10. b3 b6 11. Bb2 Bb7 12. Rc1 0-0 13. e4 1/2-1/2

[Event "SVK-chT1W 1718"]
[Site "Slovakia"]
[Date "2017.11.05"]
[Round "4.2"]
[White "Macko, Miroslav"]
[Black "Berczes, Csaba"]
[Result "0-1"]
[WhiteElo "2262"]
[BlackElo "2348"]
[PlyCount "90"]
[EventDate "2017.10.21"]
[EventType "team-tourn"]
[EventRounds "11"]
[EventCountry "SVK"]
[SourceTitle "CBM 181 Extra"]
[Source "ChessBase"]
[SourceDate "2017.12.12"]
[SourceVersion "1"]
[SourceVersionDate "2017.12.12"]
[SourceQuality "1"]
[WhiteTeam "Bratislava KSN"]
[BlackTeam "Gabcikovo Russel"]
[WhiteTeamCountry "SVK"]
[BlackTeamCountry "SVK"]

1. e4 d6 2. d4 Nf6 3. Nc3 Nc6 4. Nf3 Bg4 5. Bb5 a6 6. Bxc6+ bxc6 7. 0-0 e6 8. Qd3 Be7 9. b3 Bxf3 10. Qxf3 d5 11. Rd1 0-0 12. Bg5 Nd7 13. Bxe7 Qxe7 14. Qf4 Rac8 15. Re1 Qb4 16. Qd2 Qd6 17. Rad1 f5 18. exd5 cxd5 19. Ne2 f4 20. f3 c5 21. c3 a5 22. Rb1 c4 23. b4 Ra8 24. bxa5 Rxa5 25. Rb7 g5 26. Reb1 Rf7 27. R1b4 Qa6 28. Nc1 Qd6 29. a4 e5 30. dxe5 Qxe5 31. h3 Re7 32. Kh2 Ra6 33. R4b5 Rd6 34. a5 g4 35. fxg4 f3+ 36. Kg1 Qe1+ 37. Qxe1 Rxe1+ 38. Kf2 fxg2 39. Kxg2 Rxc1 40. a6 Rc2+ 41. Kf3 Rxc3+ 42. Kf4 Rf6+ 43. Kg5 h6+ 44. Kh4 Nf8 45. Rb8 Rff3 0-1

[Event "SVK-chT1W 1718"]
[Site "Slovakia"]
[Date "2017.11.04"]
[Round "3.2"]
[White "Berczes, Csaba"]
[Black "Maslik, Miroslav"]
[Result "1/2-1/2"]
[WhiteElo "2348"]
[BlackElo "2360"]
[PlyCount "78"]
[EventDate "2017.10.21"]
[EventType "team-tourn"]
[EventRounds "11"]
[EventCountry "SVK"]
[SourceTitle "CBM 181 Extra"]
[Source "ChessBase"]
[SourceDate "2017.12.12"]
[SourceVersion "1"]
[SourceVersionDate "2017.12.12"]
[SourceQuality "1"]
[WhiteTeam "Gabcikovo Russel"]
[BlackTeam "Bratislava Lokomotiva"]
[WhiteTeamCountry "SVK"]
[BlackTeamCountry "SVK"]

1. Nf3 d5 2. g3 Nc6 3. d4 Nf6 4. Bg2 Bf5 5. Ne5 e6 6. c4 Bb4+ 7. Nc3 Ne4 8. Nxc6 bxc6 9. Qa4 Bxc3+ 10. bxc3 0-0 11. f3 Nd6 12. c5 Nc4 13. e4 Bg6 14. Qxc6 e5 15. Qxd5 Qxd5 16. exd5 exd4 17. cxd4 Rfe8+ 18. Kf2 Bd3 19. g4 Rad8 20. Bf4 Rxd5 21. Rhe1 Rb8 22. Bxc7 Rb2+ 23. Kg3 g5 24. Rad1 Be2 25. Rc1 Rxd4 26. c6 h5 27. gxh5 f5 28. Rxe2 Rxe2 29. Bf1 f4+ 30. Kh3 g4+ 31. fxg4 Re3+ 32. Kh4 Nd2 33. Bxf4 Rxf4 34. c7 Rf8 35. c8Q Nf3+ 36. Kg3 Ne1+ 37. Kh4 Nf3+ 38. Kg3 Ne1+ 39. Kh4 Nf3+ 1/2-1/2

[Event "HUN-chT2 Maroczy 1718"]
[Site "Hungary"]
[Date "2017.10.29"]
[Round "1.3"]
[White "Urhegyi, Marton"]
[Black "Berczes, Csaba"]
[Result "0-1"]
[WhiteElo "2302"]
[BlackElo "2333"]
[PlyCount "168"]
[EventDate "2017.10.29"]
[EventType "team-tourn"]
[EventRounds "9"]
[EventCountry "HUN"]
[SourceTitle "EXT 2021"]
[Source "ChessBase"]
[SourceDate "2020.10.23"]
[SourceVersion "1"]
[SourceVersionDate "2020.10.23"]
[SourceQuality "1"]
[WhiteTeam "Budapest Kobanya II"]
[BlackTeam "Dunaharaszti II"]
[WhiteTeamCountry "HUN"]
[BlackTeamCountry "HUN"]

1. e4 d6 2. d4 Nf6 3. Nc3 Nc6 4. d5 Nb8 5. Bg5 g6 6. Nf3 Bg7 7. h3 0-0 8. Qd2 c6 9. Be2 Qb6 10. Rb1 Nbd7 11. 0-0 Qc7 12. Bh6 a6 13. a4 Nc5 14. Bxg7 Kxg7 15. Qe3 a5 16. Rfd1 cxd5 17. Nxd5 Nxd5 18. exd5 f6 19. Bb5 e5 20. dxe6 Bxe6 21. Qf4 Rad8 22. Rd2 Qb6 23. Re1 d5 24. Nd4 Bf7 25. Re7 Qd6 26. Qxd6 Rxd6 27. Rde2 Rc8 28. c3 b6 29. f3 Kf8 30. b4 Ne6 31. R7xe6 Bxe6 32. Nxe6+ Kf7 33. Nd4 Rxc3 34. bxa5 bxa5 35. Kf2 Rc8 36. Nb3 Ra8 37. Rc2 Ra7 38. Nd4 Rb7 39. Nc6 d4 40. Nxa5 Re7 41. Nb3 d3 42. Rd2 Rc7 43. Bxd3 Rc3 44. Bc4+ Ke7 45. Rxd6 Kxd6 46. Nd2 Ra3 47. Bb5 Ra2 48. Ke3 f5 49. a5 Kc5 50. Bc4 Ra3+ 51. Bd3 Kd5 52. f4 Rxa5 53. g4 fxg4 54. hxg4 Ra3 55. g5 Ke6 56. Ke4 Kf7 57. Nf3 Ra4+ 58. Ke3 Kg7 59. Ne5 Rb4 60. Ng4 Ra4 61. Nf6 Rb4 62. Ne8+ Kf8 63. Nd6 Kg7 64. Be4 Ra4 65. Kd3 Ra3+ 66. Kd4 Ra1 67. Ke5 Rg1 68. Ne8+ Kf7 69. Nf6 Kg7 70. Ke6 Re1 71. Ke7 Rf1 72. Nd5 Re1 73. Nf6 Rf1 74. Ne8+ Kh8 75. f5 gxf5 76. Bd5 Rd1 77. Be6 f4 78. Bg4 Rd3 79. Bf5 Rd5 80. Ke6 Rxf5 81. Kxf5 f3 82. Nd6 f2 83. Kf6 f1Q+ 84. Ke7 Kg7 0-1

[Event "HUN-chT 1516"]
[Site "Hungary"]
[Date "2016.04.03"]
[Round "7.8"]
[White "Berczes, Csaba"]
[Black "Erdelyi, Zombor"]
[Result "0-1"]
[WhiteElo "2365"]
[BlackElo "2287"]
[PlyCount "74"]
[EventDate "2015.11.07"]
[EventType "team-tourn"]
[EventRounds "11"]
[EventCountry "HUN"]
[SourceTitle "CBM 171 Extra"]
[Source "ChessBase"]
[SourceDate "2016.04.26"]
[SourceVersion "1"]
[SourceVersionDate "2016.04.26"]
[SourceQuality "1"]
[WhiteTeam "Dunaharaszti"]
[BlackTeam "Husi"]
[WhiteTeamCountry "HUN"]
[BlackTeamCountry "HUN"]

1. Nf3 Nf6 2. g3 g6 3. b3 Bg7 4. Bb2 0-0 5. Bg2 d6 6. d4 e5 7. dxe5 Nfd7 8. c4 dxe5 9. Nc3 e4 10. Nd4 Nc5 11. Ndb5 Nba6 12. 0-0 f5 13. Qc1 c6 14. Rd1 Qe7 15. Nd4 Rd8 16. Qe3 Bf6 17. Nc2 Be6 18. f3 exf3 19. Bxf3 Qg7 20. Kh1 Re8 21. Qd2 Bf7 22. Qe1 g5 23. Rac1 Re7 24. Na3 Rae8 25. Nab1 g4 26. Bg2 Bg5 27. Rc2 Qh6 28. Qf2 f4 29. gxf4 Bxf4 30. h3 Bg6 31. e4 Nb4 32. Qxc5 Nxc2 33. Ne2 gxh3 34. Bf3 Rxe4 35. Nxf4 Re1+ 36. Rxe1 Rxe1+ 37. Kh2 Qxf4+ 0-1

[Event "HUN-chT 1516"]
[Site "Hungary"]
[Date "2016.03.20"]
[Round "6.8"]
[White "Szeberenyi, Adam"]
[Black "Berczes, Csaba"]
[Result "1/2-1/2"]
[WhiteElo "2370"]
[BlackElo "2365"]
[PlyCount "232"]
[EventDate "2015.11.07"]
[EventType "team-tourn"]
[EventRounds "11"]
[EventCountry "HUN"]
[SourceTitle "CBM 171 Extra"]
[Source "ChessBase"]
[SourceDate "2016.04.26"]
[SourceVersion "1"]
[SourceVersionDate "2016.04.26"]
[SourceQuality "1"]
[WhiteTeam "Penzugyor"]
[BlackTeam "Dunaharaszti"]
[WhiteTeamCountry "HUN"]
[BlackTeamCountry "HUN"]

1. d4 Nf6 2. c4 e6 3. Nf3 b6 4. a3 Bb7 5. Nc3 d5 6. cxd5 Nxd5 7. Qc2 c5 8. e4 Nxc3 9. bxc3 Nc6 10. Bd3 Be7 11. 0-0 0-0 12. Qe2 Rc8 13. Rd1 cxd4 14. cxd4 Nxd4 15. Nxd4 Qxd4 16. Bb2 Qc5 17. Ba6 Bxa6 18. Qxa6 Qc4 19. Qxa7 Bc5 20. Qd7 Qxe4 21. Rd2 Ra8 22. h3 h6 23. Qc7 Ra4 24. Qg3 Bd4 25. Qb3 Bxb2 26. Rxb2 Ra6 27. Qg3 Rfa8 28. Qc7 Rxa3 29. Rxa3 Rxa3 30. Rxb6 Ra1+ 31. Kh2 Qf5 32. Rb2 Rf1 33. Qc8+ Kh7 34. Qc2 Qxc2 35. Rxc2 g5 36. g3 Kg6 37. Kg2 Ra1 38. Rc4 h5 39. h4 g4 40. Rc8 Ra5 41. Rg8+ Kf6 42. Rh8 Rf5 43. Ra8 Rf3 44. Rh8 Kg6 45. Rg8+ Kh7 46. Re8 Kg7 47. Kf1 Kf6 48. Rh8 Rf5 49. Ra8 Rd5 50. Rh8 Ke7 51. Kg2 Kd6 52. Rf8 Rf5 53. Ra8 e5 54. Ra6+ Ke7 55. Ra5 Kf6 56. Ra6+ Kg7 57. Ra5 Kg6 58. Ra8 Rf3 59. Rg8+ Kf6 60. Rh8 Rf5 61. Re8 Kg7 62. Ra8 Rf6 63. Re8 Rf5 64. Ra8 Rf3 65. Re8 f6 66. Re7+ Kg6 67. Re8 Rb3 68. Rg8+ Kh7 69. Ra8 Rb6 70. Ra7+ Kg6 71. Ra8 Re6 72. Rg8+ Kh7 73. Ra8 e4 74. Kf1 e3 75. fxe3 Rxe3 76. Kf2 Rf3+ 77. Kg2 Rb3 78. Ra2 Kg6 79. Kf2 Rb5 80. Kg2 Kf5 81. Rf2+ Ke5 82. Re2+ Kf5 83. Rf2+ Ke6 84. Re2+ Re5 85. Ra2 Rc5 86. Re2+ Kf5 87. Rf2+ Kg6 88. Ra2 Rf5 89. Rb2 Kf7 90. Rb7+ Ke6 91. Rb6+ Ke5 92. Rb5+ Ke4 93. Rb4+ Kd3 94. Rb3+ Kc4 95. Ra3 Rb5 96. Ra4+ Kd5 97. Ra2 f5 98. Rd2+ Ke6 99. Re2+ Re5 100. Ra2 Rd5 101. Re2+ Kf6 102. Ra2 Rd4 103. Ra6+ Ke5 104. Rh6 Rd2+ 105. Kf1 Ke4 106. Rxh5 f4 107. Ra5 f3 108. Ra4+ Ke3 109. Ra3+ Kd4 110. Ra4+ Kd3 111. Ra3+ Ke4 112. Ra4+ Rd4 113. Rxd4+ Kxd4 114. Kf2 Ke5 115. Ke3 Kf5 116. Kd3 Kf6 1/2-1/2